Δήμοι της Ελλάδας που Αρχίζουν από Λ - Statistics

General Stats
  • This quiz has been taken 10 times
  • The average score is 6 of 13
Answer Stats
Δήμος % Correct
Λήμνου
88%
Λαμιέων
75%
Λαρισαίων
75%
Λέρου
63%
Λευκάδας
50%
Λαγκαδά
38%
Λαυρεωτικής
38%
Λειψών
38%
Λεβαδέων
25%
Λοκρών
25%
Λουτρακίου-Περαχώρας-Αγίων Θεοδώρων
25%
Ληξουρίου
13%
Λίμνης Πλαστήρα
13%
No matching quizzes found
Score Distribution
Percent of People with Each Score
Percentile by Number Answered
Your Score History
You have not taken this quiz